Sherlock Holmes: Vraždy na zámku /
V hlubokých lesích anglického hrabství se zjevuje tajemný zámek Ravenscroft, který mizí a vrací se napříč staletími, zatímco kolem něj záhadně umírají lidé. Sherlock Holmes a doktor Watson se vydávají po stopách dávného prokletí, starého zlatého prstenu a děsivých vražd, které spojují šestnácté stol...
Uloženo v:
| Hlavní autor: | |
|---|---|
| Médium: | E-kniha |
| Jazyk: | Czech |
| Vydáno: |
Praha :
Splendidum družstvo,
2026
|
| Tagy: |
Žádné tagy |
| LEADER | 01885nam a22002297i 4500 | ||
|---|---|---|---|
| 001 | 302987 | ||
| 007 | ta | ||
| 008 | 260516s2026 xr ||||| |||| 00| 0 cze d | ||
| 020 | |a 9990004271104 | ||
| 044 | |a xr | ||
| 100 | 1 | |a Rony, René |4 aut | |
| 245 | 1 | 0 | |a Sherlock Holmes: Vraždy na zámku / |c Rony, René |
| 264 | 1 | |a Praha : |b Splendidum družstvo, |c 2026 | |
| 300 | |a 1 online zdroj (135 stran) | ||
| 336 | |a text |b txt |2 rdacontent | ||
| 337 | |a bez média |b n |2 rdamedia | ||
| 338 | |a online zdroj |b cr |2 rdacarrier | ||
| 520 | 2 | |a V hlubokých lesích anglického hrabství se zjevuje tajemný zámek Ravenscroft, který mizí a vrací se napříč staletími, zatímco kolem něj záhadně umírají lidé. Sherlock Holmes a doktor Watson se vydávají po stopách dávného prokletí, starého zlatého prstenu a děsivých vražd, které spojují šestnácté století, jejich současnost i vzdálenou budoucnost. Pátrání je zavede do temných sklepení, mezi zapomenuté kroniky i tváří v tvář šlechtickému rodu, jenž po generace skrýval strašlivé tajemství. Každý nový objev však přináší větší nebezpečí a oba přátelé brzy pochopí, že pokud chtějí zastavit další vraždy, budou muset vstoupit přímo do srdce prokletí. Atmosférický detektivní příběh spojuje klasického Sherlocka Holmese s gotickou hrůzou, tajemstvím cestování časem a bojem proti zlu, které odmítá zemřít. | |
| 910 | |a RBIT002 | ||
| 998 | |d 427110 |a https://core.palmknihy.cz/api/books/427110/cover?tf124n |b https://core.palmknihy.cz/api/books/427110/cover/400?tf124n |c https://core.palmknihy.cz/api/books/427110/cover/50?tf124n |e |g 135 |i 9990004271104 |j https://core.palmknihy.cz/api/books/427110/preview.epub |k https://core.palmknihy.cz/api/books/427110/preview.pdf |l |q 49 |r 1 |s https://www.palmknihy.cz/kniha/427110 |t ebook |y 2026 |z 1 | ||
| 999 | |d 302985 | ||